LEADER 01171nam0-2200373li-450 001 990000248090203316 005 20180312154728.0 010 $a0-08-034712-6 035 $a0024809 035 $aUSA010024809 035 $a(ALEPH)000024809USA01 035 $a0024809 100 $a2001995031990-------y0itay0103----ba 101 0 $aeng 102 $aGB 200 1 $aCycloaddition reactions in organicsynthesis$fW. Carruthers 210 $aOxford [etc.]$cPergamon Press$dcopyr. 1990 215 $a373 p.$cill.$d25 cm. - (Tetrahedron organic chemistry series$d8) 610 1 $acomposti organici 610 1 $asintesi organica 676 $a5472$9. 700 1$aCarruthers,$bW.$091364 801 $aSistema bibliotecario di Ateneo dell' Università di Salerno$gRICA 912 $a990000248090203316 951 $a547. 2 CAR$b17097/CBS$c547.2$d00325568 959 $aBK 969 $aSCI 979 $c19950328 979 $c20001110$lUSA01$h1715 979 $c20020403$lUSA01$h1633 979 $aPATRY$b90$c20040406$lUSA01$h1618 979 $aRSIAV6$b90$c20090731$lUSA01$h1447 996 $aCycloaddition reactions in organicsynthesis$91502362 997 $aUNISA LEADER 02024nas 2200553- 450 001 996581531503316 005 20231213213019.0 011 $a2473-716X 035 $a(OCoLC)871284720 035 $a(CKB)4100000008868790 035 $a(CONSER)--2016203376 035 $a(EXLCZ)994100000008868790 100 $a20140303a20119999 o-- a 101 0 $aeng 135 $aur||||||||||| 181 $ctxt$2rdacontent 182 $cc$2rdamedia 183 $acr$2rdacarrier 200 10$a... IEEE Signal Processing in Medicine and Biology Symposium (SPMB) 210 1$a[Piscataway, NJ] :$cInstitute of Electrical and Electronics Engineers, Inc.,$d[2011]- 215 $a1 online resource 517 1 $aSPMB 517 1 $aSignal Processing in Medicine and Biology Symposium (SPMB) ... IEEE 517 1 $aIEEE Signal Processing in Medicine and Biology Symposium Proceedings 531 0 $aIEEE Signal Process. Med. Biol. Symp. 531 10$aIEEE Signal Process Med Biol Symp 606 $aSignal processing$vCongresses 606 $aBiomedical engineering$vCongresses 606 $aSignal Processing, Computer-Assisted 606 $aBiomedical Engineering 606 $aBiomedical engineering$2fast$3(OCoLC)fst00832568 606 $aSignal processing$2fast$3(OCoLC)fst01118281 608 $aCongress. 608 $aPeriodicals.$2fast 608 $aConference papers and proceedings.$2fast 615 0$aSignal processing 615 0$aBiomedical engineering 615 12$aSignal Processing, Computer-Assisted. 615 22$aBiomedical Engineering. 615 7$aBiomedical engineering. 615 7$aSignal processing. 676 $a621 712 02$aInstitute of Electrical and Electronics Engineers, 712 02$aNeural Engineering Data Consortium, 712 02$aIEEE Signal Processing Society.$bPhiladelphia Section, 906 $aCONFERENCE 912 $a996581531503316 996 $a.. IEEE Signal Processing in Medicine and Biology Symposium (SPMB)$92964236 997 $aUNISA